00263nam a22000977a 4500082001700000100001800017245006800035260003300103300000800136650002100144 a362.1096 ROW aRowland, Stan aMultiplying Light and Truth Through Community Health Evangelism aMumbaibGLS Publishingc2009 a325 aCommunity health